Govt. of
Madhya Pradesh

Alice in Quantum Land (Record no. 51527)

MARC details
000 -LEADER
fixed length control field 00409nam a22001697a 4500
003 - CONTROL NUMBER IDENTIFIER
control field MACL
005 - DATE AND TIME OF LATEST TRANSACTION
control field 20151213120116.0
008 - FIXED-LENGTH DATA ELEMENTS--GENERAL INFORMATION
fixed length control field 151213b xxu||||| |||| 00| 0 eng d
040 ## - CATALOGING SOURCE
Transcribing agency MACL
041 ## - LANGUAGE CODE
Language code of text/sound track or separate title English
082 ## - DEWEY DECIMAL CLASSIFICATION NUMBER
Classification number 741.642
100 ## - MAIN ENTRY--PERSONAL NAME
Personal name Robert Gilmore
9 (RLIN) 20167
245 ## - TITLE STATEMENT
Title Alice in Quantum Land
260 ## - PUBLICATION, DISTRIBUTION, ETC. (IMPRINT)
Name of publisher, distributor, etc. Affiliated East West Press
Date of publication, distribution, etc. 1995
650 ## - SUBJECT ADDED ENTRY--TOPICAL TERM
Topical term or geographic name as entry element Children Book
9 (RLIN) 20168
942 ## - ADDED ENTRY ELEMENTS (KOHA)
Source of classification or shelving scheme
Koha item type Books
Holdings
Withdrawn status Lost status Source of classification or shelving scheme Damaged status Not for loan Home library Current library Shelving location Date acquired Total Checkouts Full call number Barcode Date last seen Price effective from Koha item type
          MACL MACL Children's Area 13/12/2015   741.642 CRE009746 02/05/2024 13/12/2015 Books